| 000 | 00944cab a2200265 4500 | ||
|---|---|---|---|
| 001 | ABS45892 | ||
| 008 | 090401t1992 xxu||||| |||| 00| 0 eng d | ||
| 035 | _a(Sirsi) u55755 | ||
| 041 | _aeng | ||
| 100 | _aWhitmore, J. | ||
| 245 | _aThere`s more trouble ahead says poll of property lenders | ||
| 260 | _c1992 | ||
| 350 | _a0 | ||
| 490 |
_aChartered Surveyor Weekly _v38(8) 27 February 1992, 13(1) |
||
| 520 | _aReviews the second survey of property lenders carried out for CSW by Chesterton Financial, which shows that only 8% of the 60 lending institutions surveyed expect an improvement in the property market over the next six months. | ||
| 650 | _aBANK LENDING | ||
| 650 | _aPROPERTY-COMMERCIAL PROPERTY | ||
| 650 | _aFINANCIAL INSTITUTIONS | ||
| 650 | _aFORECASTS | ||
| 650 | _aPROPERTY FINANCE | ||
| 650 | _aPROPERTY LENDERS | ||
| 690 | _aPROPERTY-PROPERTY FINANCE AND INVESTMENT | ||
| 942 | _n0 | ||
| 948 | _c04/03/1997 | ||
| 999 |
_c34080 _d34080 |
||